Normal view MARC view

Entry Nome pessoal

Number of records used in: 1

001 - NÚMERO DE CONTROLE

  • campo de controle: 1006

003 - IDENTIFICADOR DO NÚMERO DE CONTROLE

  • campo de controle: Br

005 - DATA E HORÁRIO DA ÚLTIMA TRANSAÇÃO

  • campo de controle: 20250902071322.0

008 - CAMPO DE DADOS FIXOS

  • campo de controle de tamanho fixo: 031017|| acnacaban aaaa d

035 ## - NÚMERO DE CONTROLE DO SISTEMA

  • Número de Controle do Sistema: 2003101715285347med

040 ## - FONTE DA CATALOGAÇÃO

  • Instituição da catalogação original: Br
  • Instituição que transcreveu o registro: Br
  • Convenções de cabeçalho de assunto/tesauros: Br
  • Idioma da catalogação: por

100 1# - CABEÇALHO--NOME PESSOAL

  • Nome pessoal: Mendonça, Julio.
  • Títulos e outras palavras associadas a um nome: (Ilustrador)

670 ## - FONTE POSITIVA DOS DADOS

  • Citação da fonte positiva dos dados: Il. de: Araujo, Inácio. Uma chance... 1991.

675 ## - FONTE NEGATIVA DOS DADOS

  • Citação da fonte positiva dos dados: Bibl. lit. inf. em líng. port. 76/79; 83/85; 85 sup

Powered by Koha